Normal view
MARC view
- Tariq,Ramlah, Ellahi,Ridah & Ikram,Zeerak
Entry Personal Name
001 - CONTROL NUMBER
- control field: 4878
003 - CONTROL NUMBER IDENTIFIER
- control field: NUST
005 - DATE AND TIME OF LATEST TRANSACTION
- control field: 20170922131716.0
008 - FIXED-LENGTH DATA ELEMENTS
- fixed length control field: 170922|| aca||aabn | a|a d
040 ## - CATALOGING SOURCE
- Original cataloging agency: NUST
- Transcribing agency: NUST
100 ## - HEADING--PERSONAL NAME
- Personal name: Tariq,Ramlah, Ellahi,Ridah & Ikram,Zeerak
670 ## - SOURCE DATA FOUND
- Source citation: Work cat.: (NUST): Tariq,Ramlah, Ellahi,Ridah & Ikram,Zeerak , Establishing financial inequality as a determinant of the gini coefficient: a case of Malaysia, 2016
